Content and Language Integrated Learning (CLILl) Method in the ESP Tuition Process in Slovak Educational System with Specific Focus on the University of Economics in Bratislava
Metóda CLIL ako trend nového milénia po celom svete. Komplexný prehľad základných prvkov CLIL s jasnými argumentmi na špecifiká tohto moderného prístupu k jazyku v oblasti vzdelávania. Teoretické ale i pedagogické zázemie CLIL z viacerých perspektív, jednak z pohľadu vyučujúceho, ale aj študenta.
Salvato in:
| Autore principale: | |
|---|---|
| Natura: | Capitolo di libro |
| Lingua: | inglese |
| Soggetti: | |
| Tags: |
Nessun Tag, puoi essere il primo ad aggiungerne!!
|
MARC
| LEADER | 00000naa$a2200000$$$4500 | ||
|---|---|---|---|
| 001 | 0271312 | ||
| 005 | 20240502074251.6 | ||
| 041 | 0 | |a eng | |
| 044 | |a SK | ||
| 245 | 1 | 0 | |a Content and Language Integrated Learning (CLILl) Method in the ESP Tuition Process in Slovak Educational System with Specific Focus on the University of Economics in Bratislava |c Sonia Krajčík Danišová |
| 520 | |a Metóda CLIL ako trend nového milénia po celom svete. Komplexný prehľad základných prvkov CLIL s jasnými argumentmi na špecifiká tohto moderného prístupu k jazyku v oblasti vzdelávania. Teoretické ale i pedagogické zázemie CLIL z viacerých perspektív, jednak z pohľadu vyučujúceho, ale aj študenta. | ||
| 610 | 2 | 0 | |a vyučovanie |
| 610 | 2 | 0 | |a jazyky cudzie |
| 610 | 2 | 0 | |a metódy |
| 610 | 2 | 0 | |a angličtina |
| 100 | 1 | |a Krajčík Danišová, Sonia, 1981- | |